| 000 | 00734nam a22001695i 4500 | ||
|---|---|---|---|
| 001 | 156462 | ||
| 003 | ES-MaACL | ||
| 005 | 20250930063134.0 | ||
| 008 | 940301s1863 sp |||| | spa d | ||
| 040 |
_aAS _bspa |
||
| 100 | 1 |
_aJove y Hevia, Plácido de, _cVizconde de Campo Grande _967050 |
|
| 245 | 1 | 0 |
_aIndagaciones acerca de la dominación de España en Malta de 1285 a 1530 _b: con inserción de documentos auténticos y en su mayor parte inéditos / _cpor Plácido de Jove y Hevia. |
| 260 |
_aMadrid : _b[s.n.], _c1863 ( _fImprenta de El Clamor Público, a cargo de D.D. Navarro) |
||
| 300 |
_a62 p. ; _c19 cm. |
||
| 852 |
_aES-MaACL _jT-210-F-13 _z-- Enc. hol. _z-- Enc. en un vol. facticio |
||
| 999 |
_c156462 _d156462 |
||